[Event "FRA-chT2 West 0809"]
[Site "France"]
[Date "2008.11.23"]
[Round "3.5"]
[White "Tseveendorj, Ider"]
[Black "Guyot, Emmanuel"]
[Result "1/2-1/2"]
[WhiteElo "2103"]
[BlackElo "2092"]
[PlyCount "95"]
[EventDate "2008.10.19"]
[EventType "team-tourn"]
[EventRounds "11"]
[EventCountry "FRA"]
[SourceTitle "EXT 2010"]
[Source "ChessBase"]
[SourceDate "2010.11.25"]
[SourceVersion "1"]
[SourceVersionDate "2010.11.25"]
[SourceQuality "1"]
[WhiteTeam "Stade Francais Jeen"]
[BlackTeam "Le Chesnay"]
[WhiteTeamCountry "FRA"]
[BlackTeamCountry "FRA"]

1. b3 e5 2. Bb2 d6 3. e3 g6 4. d4 Nd7 5. dxe5 dxe5 6. Nf3 Bg7 7. Bc4 Nh6 8. e4 0-0 9. h3 c6 10. a4 Nc5 11. Nbd2 Qc7 12. b4 Ne6 13. Ra3 Kh8 14. Qa1 f6 15. 0-0 Nf7 16. Rd3 Nf4 17. Re3 Bh6 18. Kh2 Be6 19. g3 Bxc4 20. Nxc4 Ne6 21. Rd3 Bg7 22. Rfd1 Rfd8 23. R1d2 Neg5 24. Nxg5 Nxg5 25. Qd1 Rxd3 26. Rxd3 Nxe4 27. Rd7 Nxf2 28. Qd2 Qc8 29. Qd6 Ne4 30. Qe6 Ng5 31. Qd6 Ne4 32. Qe6 Ng5 33. Qg4 Qg8 34. Nd6 Qa2 35. h4 Qxb2 36. hxg5 Qxc2+ 37. Kh3 f5 38. Qh4 Qc1 39. Kh2 Qc2+ 40. Kh3 Qb1 41. Kg2 Qc2+ 42. Kh3 Qe2 43. Nf7+ Kg8 44. Nh6+ Bxh6 45. gxh6 Qf1+ 46. Kh2 Qf2+ 47. Kh1 Qf1+ 48. Kh2 1/2-1/2

[Event "FRA-chT2 West 0809"]
[Site "France"]
[Date "2008.10.19"]
[Round "1.7"]
[White "Devallee, Jeremie"]
[Black "Tseveendorj, Ider"]
[Result "0-1"]
[WhiteElo "2044"]
[BlackElo "2103"]
[PlyCount "72"]
[EventDate "2008.10.19"]
[EventType "team-tourn"]
[EventRounds "11"]
[EventCountry "FRA"]
[SourceTitle "EXT 2010"]
[Source "ChessBase"]
[SourceDate "2010.11.25"]
[SourceVersion "1"]
[SourceVersionDate "2010.11.25"]
[SourceQuality "1"]
[WhiteTeam "Tours"]
[BlackTeam "Stade Francais Jeen"]
[WhiteTeamCountry "FRA"]
[BlackTeamCountry "FRA"]

1. Nc3 c6 2. e4 d5 3. Nf3 g6 4. exd5 cxd5 5. Bb5+ Nc6 6. d4 Be6 7. 0-0 Bg7 8. Re1 Nh6 9. Ng5 Bg4 10. f3 Bc8 11. Ne2 Nf5 12. c3 0-0 13. Ng3 Nd6 14. Bd3 h6 15. Nh3 Bxh3 16. gxh3 b5 17. Qe2 b4 18. Kh1 bxc3 19. bxc3 Qd7 20. h4 Rfc8 21. Rg1 e5 22. Nh5 e4 23. Bxh6 exd3 24. Qg2 Bh8 25. Nf4 Ne7 26. h5 Ndf5 27. hxg6 Nxh6 28. g7 Nef5 29. Nh5 Rc6 30. Rad1 Bxg7 31. Nf4 Kh7 32. Qh3 Re8 33. Rdf1 d2 34. Nh5 Rg6 35. Nxg7 Ng3+ 36. Rxg3 Qxh3 0-1

[Event "Montigny le Bretonneux Noel op 08th"]
[Site "Montigny le Bretonneux"]
[Date "2005.12.28"]
[Round "4"]
[White "Tseveendorj, Ider"]
[Black "Appavou, Calixte"]
[Result "1/2-1/2"]
[WhiteElo "2061"]
[BlackElo "1940"]
[PlyCount "110"]
[EventDate "2005.12.26"]
[EventType "swiss"]
[EventRounds "7"]
[EventCountry "FRA"]
[SourceTitle "CBM 110 Extra"]
[Source "ChessBase"]
[SourceDate "2006.03.10"]
[SourceVersion "2"]
[SourceVersionDate "2006.03.10"]
[SourceQuality "1"]

1. d4 d5 2. c4 c6 3. Nc3 Nf6 4. Bg5 Nbd7 5. e3 h6 6. Bh4 e6 7. cxd5 exd5 8. Bd3 Be7 9. Qc2 c5 10. Nf3 0-0 11. 0-0 b6 12. dxc5 bxc5 13. Rfd1 Bb7 14. Bf5 Nb6 15. Bg3 Bc8 16. Bd3 Bg4 17. Ba6 Bc8 18. Bb5 Bb7 19. Rd2 Qc8 20. Bd3 c4 21. Bf5 Qc5 22. Be5 Rfd8 23. Bd4 Qc6 24. a4 Nbd7 25. Nb5 a6 26. Nc3 Nc5 27. Bxc5 Bxc5 28. Nd4 Qe8 29. Rad1 Rab8 30. Nde2 g6 31. Bh3 Bb4 32. g3 Bc6 33. Bg2 Qe5 34. Rd4 Rdc8 35. Nf4 Kg7 36. Nfxd5 Bxd5 37. Nxd5 a5 38. Nxf6 Qxf6 39. Bd5 c3 40. b3 Rc7 41. Bc4 Rbb7 42. Rd8 Be7 43. R8d4 Bb4 44. h4 h5 45. Rf4 Qb6 46. Rd5 Rc5 47. Rd1 Rcc7 48. Rd5 Rc5 49. Rd3 Rcc7 50. e4 Rd7 51. Bd5 Rbc7 52. e5 Qc5 53. Rfd4 Qe7 54. Re4 Rc5 55. Bc4 Rxd3 1/2-1/2